000 00383nam a2200145Ia 4500
008 090124s9999 xx 000 0 und d
082 _b6377
245 _a सर्वस्वी तुझीच
250 _a0
260 _c1974
300 _a156
630 _a सर्वस्वी तुझीच
730 _a सर्वस्वी तुझीच
942 _cBOOK
999 _c85254
_d85254